000 00459nam a22001817a 4500
003 UA-OsUOA
001 7813
007 ta
008 20040629b un ||||| |||| 00| 0 ukr d
100 _aХарченко Ксеня
942 _cSA
040 _aUA-OsUOA
_cUA-OsUOA
_dUA-OsUOA
245 _aУривок
300 _aС.24-25
955 _a0
773 0 _w0
_tСучасність
_dКиїв
_d2004
_g№6
650 7 _aХудожня література
_2UDC
999 _c293974
_d293974